AN INTRODUCTION TO PHYSICS IN NURSING (Record no. 1850)

MARC details
000 -LEADER
fixed length control field 00337nam a2200157Ia 4500
003 - CONTROL NUMBER IDENTIFIER
control field SGT
082 ## - DEWEY DECIMAL CLASSIFICATION NUMBER
Classification number 530
Item number A04F
100 ## - MAIN ENTRY--PERSONAL NAME
Personal name FLITTER , HESSEL H.
245 ## - TITLE STATEMENT
Title AN INTRODUCTION TO PHYSICS IN NURSING
250 ## - EDITION STATEMENT
Edition statement 7TH
260 ## - PUBLICATION, DISTRIBUTION, ETC. (IMPRINT)
Name of publisher, distributor, etc AITBS
Place of publication, distribution, etc DELHI
Year of Publication 2004
300 ## - PAGE DESCRIPTION
No. of Pages 283
650 ## - SUBJECT ADDED ENTRY--TOPICAL TERM
Topical term or geographic name as entry element NURSING
942 ## - ADDED ENTRY ELEMENTS (KOHA)
Source of classification or shelving scheme Dewey Decimal Classification
Koha item type Books
Holdings
Withdrawn status Lost status Source of classification or shelving scheme Damaged status Not for loan Collection code Home library Current library Shelving location Date acquired Vendor Name Cost, normal purchase price SGTU Total Checkouts Full call number Accession No. (Barcode) Date last seen Date last borrowed Bill Date Koha item type Checked out
    Dewey Decimal Classification     NURSING SGT Medical Library SGT Medical Library Text Book 09/02/2015 UBS DELHI 150.00 SGTU 4 530 A04F FN34 08/11/2025 25/10/2025 09/02/2015 Books  
    Dewey Decimal Classification     NURSING SGT Medical Library SGT Medical Library Text Book 09/02/2015 UBS DELHI 150.00 SGTU 3 530 A04F FN35 01/12/2018 27/11/2018 09/02/2015 Books  
    Dewey Decimal Classification     NURSING SGT Medical Library SGT Medical Library Text Book 09/02/2015 UBS DELHI 150.00 SGTU 1 530 A04F FN36 13/11/2017 08/11/2017 09/02/2015 Books  
  Long Overdue (Lost) Dewey Decimal Classification     NURSING SGT Medical Library SGT Medical Library Text Book 09/02/2015 UBS DELHI 150.00 SGTU 3 530 A04F FN37 18/12/2017 18/12/2017 09/02/2015 Books 01/01/2018
    Dewey Decimal Classification     NURSING SGT Medical Library SGT Medical Library Text Book 09/02/2015 UBS DELHI 150.00 SGTU   530 A04F FN38 09/02/2015   09/02/2015 Books